000 01614nam a2200301 4500
001 437
003 OSt
005 20250627135946.0
008 250627b |||||||g |||| 00| 0 eng d
020 _a9788573287301
040 _bpor
041 _apor
_hfre
082 _a133.9
_bK18e
100 1 _aKardec, Alan
_d1804- 1869
_9957
240 _aL'Évangile selon le Spiritisme"
245 _aO Evangelho Segundo o Espiritismo /
_cKardec, Alan ; Tradução de Guilion Ribeiro
250 _a131 ed.
260 _aBrasília
_bFEB
_c2013
300 _a410 p.
520 _aParte do conjunto de cinco livros que compõem a Codificação Espírita, O evangelho segundo o espiritismo contém a essência do ensino moral de Jesus e serve de abrigo para os adeptos de todas as religiões – e mesmo os que não têm religião – como um roteiro seguro para a reforma íntima, meta indispensável, segundo Cristo, para se alcançar a paz interior. A obra é uma grande ferramenta para conhecer, observar e seguir as Leis divinas, que proporcionam uma caminhada gradual e evolutiva do Espírito rumo a Deus. Esta versão do conjunto de ensinamentos transmitidos por Espíritos superiores, organizados e comentados por Allan Kardec, conta com a tradicional tradução de Guillon Ribeiro, presidente da Federação Espírita Brasileira por duas vezes, entre os anos de 1920 e 1943.
650 0 _aEspiritismo
_9958
650 0 _aMediunidade
_9166
650 0 _aAllan Kardec
_9959
650 0 _aEvangelho e Espiritismo
_9960
655 0 _aRomance
_923
700 _aGuilion Ribeiro
_eTRADUTOR
_9961
942 _2ddc
_n0
_cBK
999 _c437
_d437